[Event "Tourn. n8581"]
[Site "www.chess-mail.com"]
[Date "2016.02.23"]
[Round "1"]
[White "Odin"]
[Black "Wegaman"]
[WhiteElo "1830"]
[BlackElo "1940"]
[Result "1-0"]
[Round "1"]
1.d4 d5
2.c4 e6
3.Nb1c3 Ng8f6
4.Bc1g5 Bf8e7
5.Ng1f3 O-O
6.e4 dxe4
7.Bg5xf6 Be7xf6
8.Nc3xe4 Nb8d7
9.Bf1d3 b6
10.O-O Bc8b7
11.Qd1c2 g6
12.Rf1e1 Bf6g7
13.Ra1b1 Nd7f6
14.Ne4g5 Rf8e8
15.Nf3e5 Qd8xd4
16.Ne5xf7 Nf6g4
17.h3 Ng4f6
18.Rb1d1 Qd4c5
19.Re1e5 Qc5b4
20.Rd1e1 Bb7c6
21.a3 Qb4f8
22.Re5xe6 Re8xe6
23.Re1xe6 Bc6b7
24.Bd3xg6 hxg6
25.Qc2xg6 Ra8e8
26.Re6xf6 Re8e7
27.Qg6h7 { resign }
1-0

[Event "Tourn. n8548"]
[Site "www.chess-mail.com"]
[Date "2016.02.23"]
[Round "1"]
[White "Louis"]
[Black "Falcoale"]
[WhiteElo "1900"]
[BlackElo "1720"]
[Result "0-1"]
[Round "1"]
1.d4 Ng8f6
2.c4 e6
3.Nb1c3 b6
4.e4 Bc8b7
5.Qd1c2 Bf8b4
6.Bf1d3 Bb4xc3
7.bxc3 O-O
8.e5 Nf6e8
9.Bd3xh7 Kh8
10.Bh7e4 Bb7xe4
11.Qc2xe4 c6
12.Ng1f3 f5
13.Qe4e2 g6
14.Qe2e3 f4
15.Qe3e4 g5
16.Qe4g6 Qd8e7
17.Nf3xg5 Qe7g7
18.Qg6h5 Kg8
19.O-O Nb8a6
20.h4 Rf8f5
21.Qh5g4 Ne8c7
22.Bc1xf4 Ra8f8
23.g3 b5
24.cxb5 cxb5
25.Kg2 Nc7d5
26.Bf4d2 Na6b8
27.f4 Nb8c6
28.h5 Nc6e7
29.Rf1h1 a5
30.h6 Rf5xg5
31.Qg4xg5 Qg7xg5
32.fxg5 Ne7f5
33.g4 Nf5e3
34.Bd2xe3 Nd5xe3
35.Kg3 Ne3c2
36.Ra1f1 Rf8c8
37.Rf1f3 Kh7
38.Rf3f7 Kh8
39.g6 Rc8xc3
40.Kf2 Nc2xd4
{ resign }
0-1

[Event "Tourn. n8640"]
[Site "www.chess-mail.com"]
[Date "2016.02.23"]
[Round "1"]
[White "Tonino1"]
[Black "Attatroll"]
[WhiteElo "2120"]
[BlackElo "2020"]
[Result "1-0"]
[Round "1"]
1.d4 f5
2.Ng1f3 Ng8f6
3.e3 g6
4.Bf1d3 Bf8g7
5.b3 O-O
6.Bc1b2 d6
7.Nb1d2 Nb8c6
8.O-O e5
9.dxe5 Nc6xe5
10.Nf3xe5 dxe5
11.Bb2xe5 c6
12.Nd2f3 Bc8e6
13.Nf3g5 Be6d5
14.c4 Bd5f7
15.Ng5xf7 Rf8xf7
16.c5 Nf6d5
17.Be5xg7 Kxg7
18.Bd3c4 Rf7d7
19.Qd1c2 Nd5b4
20.Qc2c3 Kh6
21.Qc3xb4 a5
22.Qb4c3 Rd7d2
23.f3 Qd8d7
24.e4 fxe4
25.Qc3e3 Kg7
26.fxe4 Ra8d8
27.Rf1f7 Qd7xf7
28.Bc4xf7 Kxf7
29.Ra1f1 Kg7
30.Qe3c3 Kh6
31.Qc3xa5 Rd8d7
32.Qa5a8 Rd2e2
33.Qa8f8 Kh5
34.Qf8f3 { resign }
1-0

[Event "Tourn. n8582"]
[Site "www.chess-mail.com"]
[Date "2016.02.23"]
[Round "1"]
[White "Glenno"]
[Black "Yangqi"]
[WhiteElo "2400"]
[BlackElo "2650"]
[Result "0-1"]
[Round "1"]
1.e4 e6
2.d4 d5
3.Nb1c3 Bf8b4
4.e5 c5
5.a3 cxd4
6.axb4 dxc3
7.bxc3 Ng8e7
8.Ng1f3 Qd8c7
9.Bf1d3 Nb8d7
10.O-O Nd7xe5
11.Nf3xe5 Qc7xe5
12.Bc1e3 Qe5c7
13.Qd1d2 b6
14.Bd3b5 Bc8d7
15.Bb5a6 O-O
16.Be3f4 e5
17.Bf4g5 f6
18.Bg5e3 Bd7e6
19.Ba6d3 a5
20.bxa5 bxa5
21.Ra1a4 Rf8c8
22.Ra4a3 a4
23.Rf1b1 Rc8b8
24.Rb1e1 Qc7d6
25.Re1a1 Ne7f5
26.Ra3xa4 Ra8xa4
27.Ra1xa4 Rb8b1
28.Bd3f1 Qd6c6
29.Ra4a3 d4
30.cxd4 Be6c4
31.Ra3d3 e4
32.f3 exd3
33.cxd3 Qc6a4
34.Be3f2 Qa4a1
35.Qd2e2 Bc4f7
36.g3 Nf5xd4
37.Bf2xd4 Qa1xd4
38.Qe2f2 Qd4xd3
39.Kg2 Qd3c3
40.h4 Rb1b2
41.Bf1e2 Qc3c2
42.g4 Qc2xe2
{ resign }
0-1

[Event "Tourn. n8609"]
[Site "www.chess-mail.com"]
[Date "2016.02.23"]
[Round "1"]
[White "Francesco"]
[Black "Attatroll"]
[WhiteElo "2020"]
[BlackElo "2020"]
[Result "1-0"]
[Round "1"]
1.e4 c5
2.c3 d5
3.exd5 Qd8xd5
4.d4 Ng8f6
5.Ng1f3 Nb8c6
6.Bf1e2 e6
7.O-O cxd4
8.Nf3xd4 Nc6xd4
9.Qd1xd4 Qd5xd4
10.cxd4 Bc8d7
11.Nb1c3 a6
12.Bc1g5 Bf8d6
13.Bg5xf6 gxf6
14.d5 O-O
15.Ra1d1 e5
16.a3 Ra8c8
17.Rf1e1 Kh8
18.h3 Rf8g8
19.Be2h5 Rg8g7
20.Nc3e4 Bd6b8
21.Ne4xf6 Bd7a4
22.Rd1d2 Bb8d6
23.Nf6e4 Bd6b8
24.Bh5g4 Rc8g8
25.Ne4f6 Rg8f8
26.Nf6d7 Rf8g8
27.Nd7xb8 Rg8xb8
28.Re1xe5 Rb8g8
29.Bg4f3 f6
30.Re5f5 Ba4d7
31.Rf5xf6 Bd7xh3
32.g3 Rg7c7
33.Kh2 Bh3c8
34.d6 Rc7c5
35.d7 Bc8xd7
36.Rd2xd7 h5
37.Rf6f7 Rg8e8
38.Rf7h7 Kg8
39.Bf3d5 Rc5xd5
40.Rd7xd5 { resign }
1-0

[Event "Tourn. n8559"]
[Site "www.chess-mail.com"]
[Date "2016.02.23"]
[Round "1"]
[White "Falcoale"]
[Black "Duff"]
[WhiteElo "1670"]
[BlackElo "1740"]
[Result "0-1"]
[Round "1"]
1.e4 e5
2.Ng1f3 Nb8c6
3.Bf1c4 Bf8c5
4.O-O Ng8f6
5.d3 O-O
6.a3 h6
7.b4 Bc5d4
8.c3 Bd4b6
9.h3 d6
10.Bc1e3 Bc8e6
11.Bc4a2 a6
12.Be3xb6 cxb6
13.Nb1d2 Ra8c8
14.c4 Rf8e8
15.Qd1e2 Qd8c7
16.Ra1c1 Qc7d7
17.Nd2b3 Qd7e7
18.Rf1e1 Nf6h5
19.Nf3xe5 Nh5f4
20.Qe2f3 dxe5
21.Rc1d1 Rc8d8
22.Nb3c1 Rd8d4
23.Nc1e2 Nf4xe2
24.Qf3xe2 Re8d8
25.f3 Qe7d7
26.Rd1d2 Rd4xd3
27.Rd2xd3 Qd7xd3
28.Qe2xd3 Rd8xd3
29.b5 axb5
30.Ba2b1 Rd3xa3
31.cxb5 Nc6d4
32.Kh2 Nd4xb5
33.Bb1c2 Nb5d4
34.Re1c1 Ra3c3
35.Rc1b1 Rc3xc2
36.Rb1xb6 Nd4xf3
37.Kg3 Nf3g5
38.Rb6xb7 Ng5xe4
39.Kh2 Ne4g5
{ resign }
0-1

[Event "Tourn. n8545"]
[Site "www.chess-mail.com"]
[Date "2016.02.23"]
[Round "1"]
[White "Cal"]
[Black "Vinvangogh"]
[WhiteElo "1429"]
[BlackElo "1570"]
[Result "1-0"]
[Round "1"]
1.Nb1c3 e5
2.e4 Ng8f6
3.d3 Bf8b4
4.Bc1d2 d5
5.Nc3b5 O-O
6.Bd2xb4 Nb8a6
7.Bb4xf8 Kxf8
8.Qd1f3 c6
9.Nb5c3 Bc8g4
10.Qf3g3 dxe4
11.Qg3xe5 Na6c5
12.Qe5xc5 Kg8
13.h3 Bg4e6
14.d4 Nf6d5
15.Nc3xd5 Be6xd5
16.Bf1e2 e3
17.O-O-O Bd5xg2
18.Rh1h2 Bg2e4
19.f3 Be4d5
20.Rd1d3 Qd8g5
21.a3 Qg5xg1
22.Rd3d1 Qg1xh2
23.Rd1e1 Qh2xh3
24.Be2d1 Ra8e8
25.Bd1e2 Qh3g2
26.f4 Qg2f2
27.Qc5b4 b6
28.Be2c4 Bd5xc4
29.b3 a5
30.Qb4c3 b5
31.bxc4 b4
32.axb4 a4
33.Kb2 Re8a8
34.Re1xe3 Qf2xf4
35.d5 Qf4d6
36.dxc6 Qd6xc6
37.Ka3 Ra8e8
38.Re3g3 f6
39.Qc3d2 Qc6xc4
40.Rg3c3 Qc4b5
41.Rc3c5 Qb5f1
42.Qd2d5 Kf8
43.Qd5d6 Kf7
44.Rc5c7 Kg8
45.Qd6d5 Kh8
46.Qd5d4 Qf1f3
47.c3 h5
48.Kxa4 Qf3a8
49.Rc7a7 Qa8c6
50.b5 Qc6c8
51.c4 Qc8g4
52.Ka5 h4
53.Qd4xg4 g5
54.Qg4h5 Kg8
55.Qh5h7 Kf8
56.Qh7f7 { resign }
1-0

[Event "Tourn. n8630"]
[Site "www.chess-mail.com"]
[Date "2016.02.23"]
[Round "1"]
[White "Prize64"]
[Black "Guidom"]
[WhiteElo "1959"]
[BlackElo "2090"]
[Result "1-0"]
[Round "1"]
1.e4 e5
2.Ng1f3 Nb8c6
3.Bf1b5 a6
4.Bb5a4 Ng8f6
5.O-O d6
6.d3 b5
7.Ba4b3 Bc8g4
8.c3 Bf8e7
9.Nb1d2 O-O
10.h3 Bg4h5
11.Rf1e1 Qd8d7
12.Nd2f1 h6
13.Nf1g3 Bh5xf3
14.Qd1xf3 Kh7
15.Ng3f5 d5
16.Qf3g3 Nf6e8
17.Bb3xd5 Be7f6
18.Qg3g4 Ra8d8
19.Nf5xh6 gxh6
20.Qg4xd7 Rd8xd7
21.Bd5xc6 Rd7d6
22.Bc6d5 c6
23.Bd5b3 Rd6xd3
24.Bc1e3 Ne8d6
25.Bb3c2 Rd3xe3
26.Re1xe3 Nd6c4
27.Re3f3 Kg7
28.b3 Nc4a3
29.Bc2d3 c5
30.Rf3g3 Kh7
31.Bd3e2 Bf6g5
32.Ra1d1 Bg5f4
33.Rg3d3 Bf4g5
34.Rd3d5 Rf8c8
35.Be2g4 Rc8c7
36.Rd5d7 Rc7xd7
37.Rd1xd7 Kg6
38.Rd7d6 f6
39.Rd6xa6 Na3b1
40.Ra6a7 Nb1xc3
41.Bg4f5 Kh5
42.Ra7g7 Nc3xa2
43.g3 { resign }
1-0

[Event "Tourn. n8629"]
[Site "www.chess-mail.com"]
[Date "2016.02.23"]
[Round "1"]
[White "Caspito"]
[Black "Cal"]
[WhiteElo "1700"]
[BlackElo "1650"]
[Result "1-0"]
[Round "1"]
1.e4 c5
2.b3 e5
3.Bc1b2 d6
4.Bf1c4 Ng8f6
5.Qd1f3 h6
6.Ng1e2 Nb8c6
7.O-O Bc8g4
8.Qf3e3 Bf8e7
9.Nb1c3 a6
10.Ne2g3 Nf6h7
11.Nc3d5 Be7g5
12.Qe3e1 Bg5h4
13.Bc4e2 Qd8d7
14.Be2xg4 O-O
15.Bg4xd7 Bh4xg3
16.fxg3 Nc6d4
17.Bb2xd4 cxd4
18.d3 b5
19.c4 bxc4
20.bxc4 Nh7g5
21.Ra1b1 a5
22.Rb1b7 Ng5h7
23.Bd7f5 g6
24.Bf5g4 h5
25.Bg4h3 a4
26.Rf1f2 Nh7g5
27.Rb7e7 Ng5xh3
28.gxh3 f5
29.Qe1b4 a3
30.Qb4xd6 Ra8d8
31.Qd6xg6 Kh8
32.Qg6h7 { resign }
1-0

[Event "Tourn. n8607"]
[Site "www.chess-mail.com"]
[Date "2016.02.23"]
[Round "1"]
[White "Duff"]
[Black "Leeds"]
[WhiteElo "1840"]
[BlackElo "1880"]
[Result "1-0"]
[Round "1"]
1.e4 d5
2.exd5 Qd8xd5
3.Nb1c3 Qd5d6
4.Ng1f3 c6
5.d4 Ng8f6
6.Bf1e2 Bc8f5
7.O-O e6
8.Bc1g5 Bf8e7
9.Nf3h4 Bf5g6
10.Nh4xg6 hxg6
11.h3 Nb8d7
12.Be2f3 O-O-O
13.a4 Nf6d5
14.Bg5xe7 Qd6xe7
15.Nc3xd5 exd5
16.a5 Nd7f6
17.a6 b6
18.c4 Qe7d6
19.Ra1c1 Kb8
20.c5 bxc5
21.Qd1b3 { resign }
1-0

[Event "Tourn. n8643"]
[Site "www.chess-mail.com"]
[Date "2016.02.23"]
[Round "1"]
[White "Amaya"]
[Black "Prize64"]
[WhiteElo "2040"]
[BlackElo "2079"]
[Result "0-1"]
[Round "1"]
1.d4 Ng8f6
2.e3 g6
3.Bf1d3 Bf8g7
4.Nb1d2 d6
5.f4 O-O
6.Ng1f3 Nb8c6
7.c3 Rf8e8
8.O-O e5
9.fxe5 dxe5
10.Nd2e4 Nf6xe4
11.Bd3xe4 f5
12.Be4xc6 bxc6
13.Qd1b3 Bc8e6
14.Qb3a4 e4
15.Nf3e1 Qd8d5
16.Bc1d2 c5
17.Ne1c2 a5
18.Bd2e1 Re8b8
19.Nc2a3 cxd4
20.cxd4 Rb8xb2
21.Be1g3 c5
22.Na3b5 Rb2b4
23.Qa4c2 Rb4xb5
24.Ra1b1 cxd4
25.exd4 Bg7xd4
26.Kh1 Rb5xb1
27.Rf1xb1 Qd5xa2
{ resign }
0-1

[Event "Match"]
[Site "www.echecsemail.com"]
[Date "2016.02.23"]
[Round "1"]
[White "Llord"]
[Black "Duff"]
[WhiteElo "1810"]
[BlackElo "1920"]
[Result "0-1"]
[Round "1"]
1.e4 e5
2.Ng1f3 Nb8c6
3.Bf1c4 Bf8c5
4.O-O Ng8f6
5.d3 d6
6.Bc1g5 O-O
7.Nb1c3 h6
8.Bg5h4 Bc8e6
9.Nf3d2 a6
10.Nc3d5 Be6xd5
11.Bc4xd5 Ra8b8
12.Nd2b3 Bc5a7
13.Qd1f3 g5
14.Bh4g3 Nf6xd5
15.exd5 Nc6d4
16.Nb3xd4 Ba7xd4
17.c3 Bd4a7
18.Qf3h5 Qd8f6
19.Ra1e1 Qf6g6
20.Qh5f3 f5
21.h3 f4
22.Bg3h2 Kh8
23.d4 Rb8e8
24.dxe5 dxe5
25.Qf3g4 e4
26.Qg4d7 Ba7b6
27.Re1d1 e3
28.fxe3 Re8xe3
29.Kh1 Qg6e4
30.d6 Re3d3
31.Rd1xd3 Qe4xd3
32.Qd7e7 Qd3xf1
{ resign }
0-1

[Event "Match"]
[Site "www.echecsemail.com"]
[Date "2016.02.23"]
[Round "1"]
[White "Ranjachess"]
[Black "Rindrandria"]
[WhiteElo "1710"]
[BlackElo "1570"]
[Result "1-0"]
[Round "1"]
1.Nb1c3 d5
2.d4 Bc8f5
3.Bc1f4 Nb8a6
4.e3 c5
5.Bf1xa6 bxa6
6.dxc5 Qd8a5
7.Ng1e2 Qa5xc5
8.Qd1xd5 Ra8c8
9.e4 Bf5e6
10.Qd5d4 Be6c4
11.Ra1d1 e5
12.Qd4d7 
1-0

[Event "Match"]
[Site "www.echecsemail.com"]
[Date "2016.02.23"]
[Round "1"]
[White "Forest"]
[Black "Stepanpech"]
[WhiteElo "1570"]
[BlackElo "2170"]
[Result "0-1"]
[Round "1"]
1.d4 f5
2.c4 Ng8f6
3.g3 g6
4.Bf1g2 Bf8g7
5.Nb1c3 O-O
6.Ng1f3 d6
7.d5 c6
8.O-O e5
9.dxc6 Nb8xc6
10.Bc1g5 Bc8e6
11.Nc3d5 e4
12.Nf3d2 Nc6e5
13.Bg5xf6 Bg7xf6
14.Nd5xf6 Qd8xf6
15.b3 Rf8d8
16.Qd1c2 d5
17.cxd5 Ra8c8
18.Qc2d1 Rd8xd5
19.Qd1e1 Qf6d8
20.Nd2b1 Qd8c7
{ time. }
0-1

[Event "Match"]
[Site "www.echecsemail.com"]
[Date "2016.02.23"]
[Round "1"]
[White "Chtoubidou"]
[Black "Silent1"]
[WhiteElo "1880"]
[BlackElo "1800"]
[Result "1-0"]
[Round "1"]
1.e4 e5
2.Bf1c4 Bf8e7
3.Nb1c3 Ng8f6
4.d3 O-O
5.Bc1g5 d6
6.Ng1e2 Nb8d7
7.O-O h6
8.Bg5h4 Nf6h7
9.Bh4xe7 Qd8xe7
10.f4 exf4
11.Ne2xf4 Nh7f6
12.Qd1e1 Nd7e5
13.Bc4b3 a6
14.Nf4d5 Nf6xd5
15.Nc3xd5 Qe7d8
16.Qe1g3 Bc8e6
17.Nd5f6 Kh8
18.Nf6h5 Qd8g5
19.Qg3xg5 hxg5
20.Bb3xe6 fxe6
21.h3 Kh7
22.Rf1xf8 Ra8xf8
23.Ra1f1 Rf8xf1
24.Kxf1 d5
25.exd5 exd5
26.Kf2 Kg6
27.Nh5g3 g4
28.Ng3e2 gxh3
29.gxh3 Kg5
30.Kg3 c5
31.h4 Kf5
32.Ne2c3 c4
33.d4 Ne5c6
34.Nc3xd5 Nc6xd4
35.Nd5e3 Ke4
36.Ne3xc4 Nd4xc2
37.Nc4d6 Ke5
38.Nd6xb7 Nc2b4
39.Kg4 Nb4xa2
40.Nb7c5 Na2b4
41.Kg5 Kd5
42.Nc5xa6 Nb4xa6
43.Kg6 Na6c7
44.Kxg7 Nc7e6
45.Kg6 Ne6f8
46.Kf7 Nf8e6
47.h5 Ne6f4
48.h6 Nf4e6
49.b4 Kd6
50.b5 Kd7
51.b6 Kd6
52.Kf6 Kd7
53.h7 { resign }
1-0

[Event "Tourn. n8620"]
[Site "www.chess-mail.com"]
[Date "2016.02.24"]
[Round "1"]
[White "Hansen"]
[Black "Cal"]
[WhiteElo "1550"]
[BlackElo "1610"]
[Result "1-0"]
[Round "1"]
1.e4 e5
2.Bf1c4 Ng8f6
3.d3 h6
4.g4 d6
5.g5 hxg5
6.Bc1xg5 Bf8e7
7.Nb1c3 Nb8d7
8.Ng1f3 c6
9.h4 Nf6g4
10.Bg5e3 b5
11.Bc4b3 a5
12.Rh1g1 Ng4f6
13.Rg1xg7 Nf6h5
14.Rg7xf7 d5
15.Rf7f5 Nd7f6
16.Rf5xe5 Qd8d6
17.Be3g5 Bc8g4
18.exd5 Bg4xf3
19.Qd1xf3 Qd6xe5
20.Kd2 O-O-O
21.dxc6 Nf6e8
22.Bg5e3 Ne8c7
23.Be3b6 Rd8f8
24.Qf3g4 Rf8f5
25.Qg4e4 Rf5xf2
26.Bb6xf2 Qe5xe4
27.Nc3xe4 Nh5f4
28.Bf2g3 Nf4d5
29.a4 Nd5b4
30.axb5 Nc7xb5
31.Ra1xa5 Nb5d4
32.c7 Rh8f8
33.Ra5a8 Kb7
34.Ra8a5 Nd4xb3
35.cxb3 Rf8c8
36.Ra5e5 Nb4c6
37.Re5e6 Kb6
38.b4 Be7xb4
39.Ke2 Kb7
40.Ke3 Rc8g8
41.Bg3f4 Bb4a5
42.Ne4c5 Kb6
43.Nc5d7 Kb5
44.d4 Rg8g4
45.c8Q Nc6xd4
46.Qc8c5 Ka4
47.Qc5xd4 Ba5b4
48.Re6b6 Rg4xf4
49.Kxf4 Kb3
50.Rb6xb4 Kc2
51.Rb4c4 Kb1
52.b4 Ka2
53.Nd7b6 Ka3
54.Qd4c3 Ka2
55.Nb6a4 Kb1
56.Qc3b2 { resign }
1-0

[Event "Tourn. n8532"]
[Site "www.chess-mail.com"]
[Date "2016.02.24"]
[Round "1"]
[White "Osopanda"]
[Black "Tonino1"]
[WhiteElo "1930"]
[BlackElo "1990"]
[Result "0-1"]
[Round "1"]
1.d4 Ng8f6
2.c4 g6
3.Nb1c3 Bf8g7
4.e4 d6
5.f4 O-O
6.Ng1f3 c5
7.d5 Nb8a6
8.Bf1d3 Na6b4
9.Bd3e2 Bc8d7
10.O-O b6
11.a3 Nb4a6
12.Ra1b1 Na6c7
13.e5 Nf6e8
14.Nc3e4 b5
15.b4 Bd7f5
16.Qd1c2 Ra8c8
17.Nf3h4 Bf5xe4
18.Qc2xe4 f5
19.Qe4c2 e6
20.g3 exd5
21.cxd5 cxb4
22.Rb1xb4 Nc7xd5
23.Qc2b3 Qd8b6
24.Kg2 Ne8c7
25.Be2f3 Qb6b7
26.Rf1d1 a6
27.exd6 Rf8d8
28.Bf3xd5 Nc7xd5
29.Rb4d4 Bg7xd4
30.Rd1xd4 Rc8xc1
31.Qb3xd5 Qb7xd5
32.Rd4xd5 Rc1a1
33.Rd5d3 a5
34.Nh4f3 b4
35.axb4 axb4
36.Nf3e5 Ra1a2
37.Kh3 Ra2a3
38.Rd3d4 Ra3a6
39.Rd4xb4 Ra6xd6
40.Rb4b7 Rd6e6
41.Kh4 Rd8d2
42.h3 Rd2d4
43.Ne5f3 Rd4d3
44.Nf3g5 Re6e3
45.Ng5xh7 Re3xg3
46.Nh7g5 Rd3b3
47.Rb7a7 Rg3g1
48.Ra7c7 Rb3b4
49.Ng5e6 g5
50.Ne6xg5 Rb4xf4
51.Kh5 Rf4a4
52.Kg6 Ra4a6
53.Kh5 f4
54.h4 Ra6f6
55.Ng5f3 Rf6f5
56.Kh6 Rg1g3
57.Nf3g5 Rf5f6
58.Kh5 f3
59.Rc7c8 Rf6f8
60.Rc8c1 f2
61.Ng5e4 Rf8f5
62.Kh6 Rg3g1
63.Rc1c8 Kf7
64.Rc8c7 Ke6
65.Ne4xf2 Rf5xf2
66.Rc7c8 Rf2f5
67.Rc8c6 Kd7
68.Rc6g6 Rg1h1
69.Rg6g7 Ke6
70.Rg7g6 Ke5
71.Rg6g5 Rh1xh4
72.Kg6 Rf5xg5
73.Kxg5 Rh4f4
{ resign }
0-1

[Event "Tourn. n8616"]
[Site "www.chess-mail.com"]
[Date "2016.02.24"]
[Round "1"]
[White "Azulmarino"]
[Black "Gatrooper"]
[WhiteElo "1510"]
[BlackElo "1640"]
[Result "0-1"]
[Round "1"]
1.e4 e5
2.Ng1f3 Nb8c6
3.Bf1c4 d6
4.d3 Bc8e6
5.Bc1g5 Bf8e7
6.Bc4xe6 fxe6
7.a3 Be7xg5
8.O-O h6
9.Nb1c3 a6
10.b4 Nc6d4
11.Rf1e1 Nd4xf3
12.Qd1xf3 Bg5d2
13.Re1e2 Bd2xc3
14.Ra1d1 Ng8f6
15.Qf3g3 Qd8e7
16.h3 g5
17.Qg3f3 g4
18.hxg4 O-O-O
19.Qf3g3 Rd8g8
20.f3 h5
21.Qg3f2 Bc3d4
22.Re2e3 Bd4xe3
23.Qf2xe3 hxg4
24.f4 Qe7h7
25.Kf2 g3
26.Ke2 Qh7h5
27.Kd2 Nf6g4
28.Qe3xg3 exf4
29.Qg3xf4 Rg8f8
30.Qf4g3 Rf8f2
31.Kc1 Qh5g5
32.Kb1 Rh8h2
33.d4 Rh2xg2
34.Qg3c3 Rf2xc2
35.e5 Rc2xc3
{ resign }
0-1

[Event "Tourn. n8560"]
[Site "www.chess-mail.com"]
[Date "2016.02.24"]
[Round "1"]
[White "Julian"]
[Black "Hundegana"]
[WhiteElo "1990"]
[BlackElo "1980"]
[Result "1-0"]
[Round "1"]
1.e4 c5
2.Ng1f3 d6
3.c3 Bc8d7
4.d4 Ng8f6
5.e5 Nf6e4
6.exd6 Ne4xd6
7.c4 g6
8.Nb1c3 cxd4
9.Nf3xd4 Bf8g7
10.Bc1e3 Nb8c6
11.Bf1e2 Nc6xd4
12.Be3xd4 f6
13.O-O O-O
14.c5 Nd6f5
15.Be2c4 Kh8
16.Nc3d5 Nf5xd4
17.Qd1xd4 Bd7c6
18.Ra1d1 Bc6xd5
19.Qd4xd5 Qd8xd5
20.Bc4xd5 Ra8b8
21.Bd5e6 f5
22.Rd1d7 Bg7f6
23.b4 Rf8d8
24.Rf1d1 Rd8xd7
25.Rd1xd7 Kg7
26.b5 h6
27.g3 h5
28.Kg2 Kf8
29.a4 Bf6c3
30.c6 bxc6
31.bxc6 Bc3e5
32.f4 Be5d6
33.c7 Bd6xc7
34.Rd7xc7 a6
35.Rc7c8 Rb8xc8
36.Be6xc8 a5
37.h3 Kf7
38.Kf3 Kf6
39.g4 e6
40.gxh5 gxh5
41.h4 e5
42.fxe5 Kxe5
43.Bc8a6 Ke6
44.Kf4 Kf6
45.Ba6d3 Kg6
46.Bd3xf5 Kh6
47.Ke5 Kg7
48.Bf5c2 Kh6
49.Kd5 Kg7
50.Kc5 Kf6
51.Kb5 Ke5
52.Kxa5 Kf4
53.Kb4 Kg3
54.Bc2g6 Kxh4
55.Bg6xh5 Kxh5
56.a5 Kg6
57.a6 Kf6
58.a7 Ke6
59.a8Q { resign }
1-0

[Event "Tourn. n8490"]
[Site "www.chess-mail.com"]
[Date "2016.02.24"]
[Round "1"]
[White "Roque1"]
[Black "Julian"]
[WhiteElo "1620"]
[BlackElo "1880"]
[Result "1-0"]
[Round "1"]
1.e4 c5
2.Ng1f3 d6
3.d4 cxd4
4.Nf3xd4 Ng8f6
5.Nb1c3 a6
6.Bf1e2 e5
7.Nd4b3 Bc8e6
8.O-O Nb8d7
9.Bc1g5 Bf8e7
10.Qd1d3 O-O
11.f4 exf4
12.Rf1xf4 Nd7e5
13.Qd3g3 Qd8b6
14.Kh1 Ne5g6
15.Ra1d1 Ra8c8
16.Nc3d5 Be6xd5
17.Bg5xf6 Be7xf6
18.Rf4xf6 Bd5xe4
19.Rf6xd6 Qb6c7
20.c3 Be4c2
21.Rd1d4 Rc8e8
22.Nb3c1 Bc2f5
23.Be2h5 Qc7e7
24.Rd4d1 Ng6f4
25.Bh5f3 Nf4g6
26.Nc1e2 Bf5c2
27.Rd1d2 Bc2a4
28.h3 Ba4c6
29.Bf3xc6 bxc6
30.Rd6xc6 Ng6e5
31.Rc6xa6 Ne5c4
32.Rd2c2 Qe7e4
33.Ne2d4 Qe4e1
34.Qg3xe1 Re8xe1
35.Kh2 Nc4e5
36.b4 Ne5c4
37.a4 Rf8c8
38.b5 g6
39.a5 Re1e3
40.b6 Nc4d6
41.Ra6a7 Re3xc3
42.Rc2xc3 Rc8xc3
43.b7 Nd6xb7
44.Ra7xb7 Rc3a3
45.Nd4c6 h5
46.Rb7b8 Kg7
47.Rb8a8 g5
48.a6 g4
49.hxg4 hxg4
50.a7 f5
51.Ra8b8 Ra3a6
52.a8Q { resign }
1-0

[Event "Tourn. n8642"]
[Site "www.chess-mail.com"]
[Date "2016.02.24"]
[Round "1"]
[White "Libiesse"]
[Black "Tonino1"]
[WhiteElo "2070"]
[BlackElo "2150"]
[Result "0-1"]
[Round "1"]
1.d4 Ng8f6
2.c4 g6
3.Nb1c3 Bf8g7
4.Ng1f3 O-O
5.Bc1g5 d6
6.Qd1b3 c6
7.Ra1d1 Qd8c7
8.e4 Nb8d7
9.Bf1e2 e5
10.d5 Nd7c5
11.Bg5xf6 Bg7xf6
12.Nf3d2 Nc5xb3
{ resign }
0-1

[Event "Tourn. n8629"]
[Site "www.chess-mail.com"]
[Date "2016.02.24"]
[Round "1"]
[White "Caspito"]
[Black "Olddog55"]
[WhiteElo "1700"]
[BlackElo "1570"]
[Result "1-0"]
[Round "1"]
1.e4 e6
2.d4 Ng8f6
3.e5 Nf6d5
4.Bf1c4 c6
5.Ng1f3 f6
6.O-O d6
7.Bc4xd5 exd5
8.b3 Qd8e7
9.Rf1e1 Nb8d7
10.exd6 Qe7xe1
11.Qd1xe1 Kf7
12.Bc1f4 Nd7b6
13.Nb1a3 g5
14.Bf4xg5 Bf8xd6
15.Na3b1 Bd6e7
16.Bg5h4 Rh8g8
17.Qe1e3 Rg8g4
18.Qe3h6 Bc8f5
19.Bh4g3 Ra8g8
20.Qh6e3 Bf5xc2
21.Nb1d2 f5
22.Nf3e5 { resign }
1-0

[Event "Tourn. n8606"]
[Site "www.chess-mail.com"]
[Date "2016.02.24"]
[Round "1"]
[White "Tartan"]
[Black "Cathar"]
[WhiteElo "2410"]
[BlackElo "2280"]
[Result "1/2-1/2"]
[Round "1"]
1.d4 e6
2.e4 d5
3.Nb1c3 Ng8f6
4.Bc1g5 dxe4
5.Nc3xe4 Bf8e7
6.Bg5xf6 gxf6
7.Ng1f3 a6
8.g3 b5
9.Bf1g2 Bc8b7
10.Ne4c5 Bb7d5
11.Qd1d3 Nb8d7
12.Nc5xd7 Qd8xd7
13.O-O Ra8d8
14.Rf1d1 c5
15.dxc5 { draw }
1/2-1/2

[Event "Tourn. n8625"]
[Site "www.chess-mail.com"]
[Date "2016.02.24"]
[Round "1"]
[White "Liencam2"]
[Black "Umzi"]
[WhiteElo "2290"]
[BlackElo "2210"]
[Result "1-0"]
[Round "1"]
1.e4 e5
2.Ng1f3 Nb8c6
3.d4 exd4
4.c3 dxc3
5.Bf1c4 cxb2
6.Bc1xb2 d6
7.O-O Bc8g4
8.Qd1b3 Nc6a5
9.Bc4xf7 Ke7
10.Qb3d5 c6
11.Qd5g5 Kxf7
12.Qg5xg4 Ng8f6
13.Nf3g5 Ke8
14.Qg4f5 c5
15.e5 dxe5
16.Qf5xe5 Qd8e7
17.Qe5c3 Qe7c7
18.Rf1e1 Bf8e7
19.Nb1a3 a6
20.Ng5e6 Qc7b6
21.Ne6xg7 Kf7
22.Re1e6 Qb6c7
23.Re6xf6 { resign }
1-0

[Event "Tourn. n8506"]
[Site "www.chess-mail.com"]
[Date "2016.02.24"]
[Round "1"]
[White "Stepanpech"]
[Black "Genius7"]
[WhiteElo "2170"]
[BlackElo "2050"]
[Result "1-0"]
[Round "1"]
1.e4 c5
2.c3 d6
3.d4 cxd4
4.cxd4 Ng8f6
5.Bf1d3 g6
6.Ng1f3 Bf8g7
7.O-O O-O
8.h3 Nb8c6
9.Nb1c3 a6
10.d5 Nc6b8
11.Bc1e3 Nb8d7
12.Ra1c1 b5
13.b4 Bc8b7
14.Nc3e2 Ra8c8
15.Rc1xc8 Qd8xc8
16.a4 bxa4
17.Qd1xa4 Nd7b8
18.Rf1c1 Qc8d7
19.Qa4xd7 Nb8xd7
20.Rc1c7 Rf8b8
21.Be3a7 { resign }
1-0

[Event "Tourn. n8526"]
[Site "www.chess-mail.com"]
[Date "2016.02.24"]
[Round "1"]
[White "Kevinking"]
[Black "Gatrooper"]
[WhiteElo "1859"]
[BlackElo "1610"]
[Result "1-0"]
[Round "1"]
1.d4 d5
2.c4 dxc4
3.e3 e6
4.Bf1xc4 a6
5.a4 h6
6.Ng1f3 Nb8c6
7.O-O Ng8f6
8.Nb1c3 Bf8d6
9.e4 Nf6h7
10.e5 Bd6e7
11.Bc1e3 Bc8d7
12.Rf1e1 Be7b4
13.Qd1c2 Bb4xc3
14.Qc2xc3 a5
15.Bc4b3 Nc6b4
16.Be3d2 c6
17.Qc3e3 b5
18.Bd2c3 Nh7g5
19.Nf3d2 Nb4d5
20.Bb3xd5 cxd5
21.axb5 Bd7xb5
22.Nd2b3 Ng5e4
23.Bc3xa5 Qd8e7
24.Ra1c1 O-O
25.f3 Ne4g5
26.Qe3d2 Bb5c4
27.Ba5b4 Qe7e8
28.Bb4xf8 Qe8xf8
29.Nb3c5 Ra8d8
30.Rc1a1 Ng5e4
31.fxe4 dxe4
32.Nc5xe4 f5
33.Ne4d6 Bc4d5
34.Ra1a7 Kh7
35.Re1e3 Rd8xd6
36.exd6 Qf8xd6
37.Re3g3 Qd6f8
38.Ra7xg7 Qf8xg7
39.Rg3xg7 Kxg7
40.Qd2f4 h5
41.Kf1 Bd5c4
42.Ke1 Kf6
43.Qf4e5 Kg5
44.Kd2 Bc4d5
45.b4 h4
46.b5 Bd5xg2
47.Qe5g7 Kf4
48.Qg7xg2 e5
49.dxe5 Kxe5
50.Qg2c6 f4
51.b6 Kf5
52.b7 Kg4
53.Qc6g2 Kf5
54.b8Q { resign }
1-0

[Event "Tourn. n8650"]
[Site "www.chess-mail.com"]
[Date "2016.02.24"]
[Round "1"]
[White "Louis"]
[Black "Bojan"]
[WhiteElo "1900"]
[BlackElo "2010"]
[Result "0-1"]
[Round "1"]
1.d4 g6
2.c4 Bf8g7
3.Nb1c3 c6
4.e4 Qd8c7
5.Ng1f3 d6
6.h3 e5
7.d5 Nb8a6
8.Bf1d3 Na6c5
9.Bd3c2 h6
10.Bc1e3 Ng8e7
11.b4 Nc5a6
{ resign }
0-1

[Event "Tourn. n8598"]
[Site "www.chess-mail.com"]
[Date "2016.02.24"]
[Round "1"]
[White "Cal"]
[Black "Fabos12"]
[WhiteElo "1600"]
[BlackElo "1670"]
[Result "0-1"]
[Round "1"]
1.Nb1c3 g6
2.e4 Bf8g7
3.d4 Nb8c6
4.Ng1f3 e5
5.d5 Nc6d4
6.Nf3xe5 Bg7xe5
7.f4 Be5g7
8.Bc1e3 c5
9.g4 Ng8e7
10.a3 a6
11.Bf1c4 d6
12.O-O Bc8d7
13.b4 b5
14.bxc5 bxc4
15.Be3xd4 Bg7xd4
16.Qd1xd4 O-O
17.cxd6 Ne7c8
18.g5 Bd7h3
19.e5 Bh3xf1
20.Ra1xf1 Qd8d7
21.Qd4xc4 Qd7g4
22.Kf2 Nc8b6
23.Qc4e4 Ra8e8
24.Nc3e2 Nb6d7
25.Rf1g1 Qg4h4
26.Ne2g3 Qh4xh2
27.Rg1g2 Qh2h4
28.c4 f5
29.Qe4e3 Qh4g4
30.e6 Qg4d1
31.e7 Qd1c2
32.Ng3e2 Rf8f7
33.Kg3 Qc2xc4
34.Qe3e6 Qc4b3
35.Kh2 Qb3a4
36.Ne2g3 Nd7c5
37.Qe6e5 Qa4d7
38.Ng3e2 Nc5e4
39.Ne2d4 Ne4xd6
40.Nd4c6 Nd6c8
41.Rg2c2 Nc8xe7
42.Nc6xe7 Re8xe7
43.Qe5d4 Re7e4
44.Qd4d3 Qd7d6
45.Rc2f2 Qd6c5
46.Rf2f3 a5
47.d6 Rf7d7
48.Qd3b3 Kg7
49.Rf3c3 Qc5f2
50.Kh3 Re4xf4
51.Rc3g3 Qf2f1
52.Kh2 Rf4f2
53.Rg3g2 Qf1xg2

0-1

[Event "Match"]
[Site "www.echecsemail.com"]
[Date "2016.02.24"]
[Round "1"]
[White "Azorau"]
[Black "Silent1"]
[WhiteElo "1910"]
[BlackElo "1800"]
[Result "0-1"]
[Round "1"]
1.e4 g6
2.Ng1f3 Bf8g7
3.Bf1c4 Ng8f6
4.e5 Nf6h5
5.g4 Nh5f4
6.d4 Nf4e6
7.d5 Ne6c5
8.b4 Nc5a4
9.c3 Na4b6
10.Bc4b3 O-O
11.Nb1d2 d6
12.Bc1b2 dxe5
13.Qd1e2 Nb6xd5
14.Bb3xd5 Qd8xd5
15.c4 Qd5d8
16.Ra1d1 Nb8d7
17.Nd2e4 Qd8e8
18.Ne4g3 Nd7f6
19.Nf3xe5 c6
20.h4 Nf6d7
21.Ne5xd7 Bc8xd7
22.Qe2d2 Bd7xg4
23.Rd1b1 Bg7xb2
24.Qd2xb2 Bg4f3
25.Ng3f5 f6
26.Nf5h6 Kg7
27.Qb2d2 Bf3xh1
28.Ke2 Bh1e4
29.Rb1e1 Ra8d8
30.Qd2c1 Be4d3
31.Kf3 Rd8d4
32.Nh6g4 Bd3f5
33.Qc1h6 Kh8
34.Qh6e3 Rd4d3
35.a4 Rd3xe3
36.Ng4xe3 Bf5c8
37.c5 g5
38.Kg3 gxh4
39.Kxh4 Rf8g8
40.f3 Qe8g6
{ resign }
0-1